00433 2200181 4500001002100000005001500021035002000036008004100056245003500097100002000132250000600152260003400158300001100192084001400203082000800217650001400225990001200239INLIS00000000000017020240502114155 a0010-0424000146240502 0 ind 1 aBioteknologi /cArinto Nugroho aNugroho, Arinto a1 aSolo :bTiga Serangkai,c2011 a60 hlm a600 ARI b a600 4aNon Fiksi a0732485